000 01445cam a22002533a 4500
001 41736
003 PGUSA
005 20140828083936.0
008 121230s2012||||xxu|||||s|||||000 | eng d
040 _aPGUSA
_beng
042 _adc
050 4 _aHQ
100 1 _aLinton, E. Lynn
_q(Elizabeth Lynn),
_d1822-1898
245 1 4 _aThe Girl of the Period and Other Social Essays, Vol. II (of 2)
_h[electronic resource] /
_cE. Lynn Linton
260 _bProject Gutenberg,
_c2012
505 0 _aGushing men -- Sweet seventeen -- The habit of fear -- Old ladies -- Voices -- Burnt fingers -- DĂ©soeuvrement -- The shrieking sisterhood -- Otherwise-minded -- Limp people -- The art of reticence -- Men's favourites -- Womanliness -- Something to worry -- Sweets of married life -- Social nomads -- Great girls -- Shunted dowagers -- Privileged persons -- Modern man-haters -- Vague people -- Arcadia -- Strangers at church -- In sickness -- On a visit -- Drawing-room epiphytes -- The epicene sex -- Women's men -- Hotel life in england -- Our masks -- Heroes at home -- Seine-fishing -- The discontented woman -- English clergymen in foreign watering-places -- Old friends -- Popular women -- Choosing or finding -- Local fĂȘtes.
506 _aPublic domain in the USA.
516 _aElectronic text
653 _aGirls
653 _aWomen
830 0 _aProject Gutenberg
_v41736
856 4 0 _uhttp://www.gutenberg.org/ebooks/41736
942 _cEB
999 _c270988
_d270988